000 00332nam a2200145Ia 4500
008 221030s9999 xx 000 0 und d
041 _aEnglish
082 _a105.23
100 _aMonika/183
245 0 _aPreinspection Of Vehicles Before Insurence
250 _a2008
260 _aK B &CO
_c2008
650 _aMCA
942 _cTH
999 _c10044
_d10044